MAASAI MARA UNIVERSITY

LIBRARY CATALOGUE

Contact Us: +254 020 2685356/7 or 0774 057787

Box: 861-20500, NAROK, KENYA

Email: info@mmarau.ac.ke

Hayes Nicky (Record no. 3176)

MARC details
000 -LEADER
fixed length control field 00400nam a2200145Ia 4500
008 - FIXED-LENGTH DATA ELEMENTS--GENERAL INFORMATION
fixed length control field 151015s9999 xx 000 0 und d
020 ## - INTERNATIONAL STANDARD BOOK NUMBER
International Standard Book Number 9.7814441009e+012
050 ## - LIBRARY OF CONGRESS CALL NUMBER
Classification number BF 121 .H795 2011
245 ## - TITLE STATEMENT
Title Hayes Nicky
250 ## - EDITION STATEMENT
Edition statement _Understand Psychology ? Nicky Hayes
300 ## - PHYSICAL DESCRIPTION
Extent London : Hodder, 2003
500 ## - GENERAL NOTE
General note Includes index
650 ## - SUBJECT ADDED ENTRY--TOPICAL TERM
Topical term or geographic name as entry element _Psychology
700 ## - ADDED ENTRY--PERSONAL NAME
Personal name ^d20120113 04:11:08^oanne

No items available.

© 2016 Maasai Mara University.